00662nam a2200205Ia 4500003000400000008004100004020002300045040000800068100002700076245005700103260004100160300001300201365001100214901002100225902003400246903005800280942001200338952008900350999001700439LDD181029s9999 xx 000 0 und d a1851681868c295.00 cLDD aKlostermaier, Kalus K. 0aBudhismba short IntroductioncKalus K. Klostermaier aEnglandbOne world Publcationsc2006 ax, 246p. b295.00 a3843b14-02-2007 a7422b27-02-2007cFdVIVAe31 aDiscount-10bReqst by : Kapur, Tribhuwan (Dr.)  2ddccBK 00102ddc4070978711aLDDbLDDl0o294.3 K697Bp062042r2018-11-01w2018-11-01yBK c78712d78712